| Tag |
First Indicator |
Second Indicator |
Subfields |
| LEADER |
00000cam a22000004a 4500 |
| 001 |
in00003398721 |
| 005 |
20190405192004.0 |
| 006 |
m d |
| 007 |
cr |||||||nn|n |
| 008 |
041117s2005 nyu o d eng d |
| 010 |
|
|
|z 2004027305
|
| 020 |
|
|
|a 9780791482926
|
| 020 |
|
|
|z 0791465233 (alk. paper)
|
| 020 |
|
|
|z 9780791465233
|
| 035 |
|
|
|a (MdBmJHUP)muse9780791482926
|
| 040 |
|
|
|a MdBmJHUP
|c MdBmJHUP
|d UtOrBLW
|
| 043 |
|
|
|a nwaq---
|
| 050 |
0 |
0 |
|a PR9275.A583
|b K564 2005
|
| 082 |
0 |
0 |
|a 813/.54
|2 22
|
| 100 |
1 |
|
|a Bouson, J. Brooks.
|
| 245 |
1 |
0 |
|a Jamaica Kincaid :
|b writing memory, writing back to the mother /
|c J. Brooks Bouson.
|
| 264 |
|
1 |
|a Albany :
|b State University of New York Press,
|c [2005]
|
| 264 |
|
4 |
|c ©2005
|
| 300 |
|
|
|a 1 online resource (ix, 242 pages )
|
| 336 |
|
|
|a text
|b txt
|2 rdacontent
|
| 337 |
|
|
|a computer
|b c
|2 rdamedia
|
| 338 |
|
|
|a online resource
|b cr
|2 rdacarrier
|
| 504 |
|
|
|a Includes bibliographical references (pages 221-231) and index.
|
| 505 |
0 |
|
|a When you think of me, think of my life -- I had embarked on something called self-invention : artistic beginnings in "Antigua crossings" and At the bottom of the river -- The way I became a writer was that my mother wrote my life for me and told it to me : living in the shadow of the mother in Annie John -- As I looked at this sentence a great wave of shame came over me and I wept and wept : the art of memory, anger, and despair in Lucy -- Imagine the bitterness and the shame in me as I tell you this : the political is personal in A small place and "On seeing England for the first time" -- I would bear children but I would never be a mother to them : writing back to the contemptuous mother in The autobiography of my mother -- I shall never forget him because his life is the one I did not have : remembering her brother's failed life in My brother -- Like him and his own father before him, I have a line drawn through me : imagining the life of the absent father in Mr. Potter.
|
| 588 |
|
|
|a Description based on print version record.
|
| 500 |
|
|
|a Electronic resource.
|
| 600 |
1 |
0 |
|a Kincaid, Jamaica
|x Criticism and interpretation.
|
| 650 |
|
0 |
|a Memory in literature.
|
| 650 |
|
0 |
|a Mothers and daughters in literature.
|
| 650 |
|
0 |
|a Women and literature
|z Antigua and Barbuda
|z Antigua
|x History
|y 20th century.
|
| 651 |
|
0 |
|a Antigua
|x In literature.
|
| 655 |
|
7 |
|a Electronic books.
|2 local
|
| 856 |
4 |
0 |
|u http://proxy.library.tamu.edu/login?url=http://muse.jhu.edu/books/9780791482926/
|z Connect to the full text of this electronic book
|t 0
|
| 999 |
|
|
|a MARS
|
| 999 |
f |
f |
|s ebe7f79f-d7b1-3349-ab54-522f891205fb
|i a17d5444-092a-300e-afeb-614d675cc6a3
|t 0
|
| 952 |
f |
f |
|a Texas A&M University
|b College Station
|c Electronic Resources
|d Available Online
|t 0
|e PR9275.A583 K564 2005
|h Library of Congress classification
|
| 998 |
f |
f |
|a PR9275.A583 K564 2005
|t 0
|l Available Online
|